Zobrazovací wattmetry.

Uložené v:
Podrobná bibliografia
Médium: Kniha
Jazyk:Slovak
Czech
Vydané: [2013].
Vydanie:1. vyd.
Témy:
Fyzický popis: 1 l.
Tagy: Pridať tag
Žiadne tagy, Buďte prvý kto otaguje tento záznam!

MARC

LEADER 00000nam#a22000003a#4500
001 000415519
003 SVKKK
005 20130125091521.0
008 130125s2013 xo |||| 0 slo#d
040 |a SVK  |b slo  |c SVK  |e AACR2 
041 0 # |a cze 
044 |a gw  |c DE 
080 |a 621.317.784  |2 2001 
110 2 |a GMC-I Messtechnik GmbH  |c Südwestpark 15, D-90449 Nürnberg, Nemecko  |4 mfr 
245 1 0 |a Zobrazovací wattmetry. 
250 |a 1. vyd. 
260 # |c [2013]. 
300 |a 1 l. 
655 7 |a firemné prospekty  |2 SNKPH 
910 |a svkkk 
998 |a FL 
090 |g SCKHL  |k SK42  |a 621.317.784  |j 226023  |i 226023  |4 zastaraná  |s Vyradená